[Event "Florianopolis op"]
[Site "Florianopolis"]
[Date "2015.01.18"]
[Round "9"]
[White "Matsuura, Everaldo"]
[Black "Supi, Luis Paulo"]
[Result "1-0"]
[WhiteElo "2505"]
[BlackElo "2414"]
[PlyCount "71"]
[EventDate "2015.01.14"]
[EventType "swiss"]
[EventRounds "10"]
[EventCountry "BRA"]
[SourceTitle "CBM 164 Extra"]
[Source "ChessBase"]
[SourceDate "2015.03.02"]
[SourceVersion "1"]
[SourceVersionDate "2015.03.02"]
[SourceQuality "1"]

1. e4 c5 2. Nf3 e6 3. d4 cxd4 4. Nxd4 a6 5. Bd3 Bc5 6. Nb3 Be7 7. Nc3 d6 8. Be3
Nf6 9. f4 Nc6 10. Qf3 Qc7 11. O-O-O O-O 12. g4 Nb4 13. g5 Nd7 14. Kb1 b5 15.
Rhg1 Bb7 16. Qh3 Nxd3 17. cxd3 b4 18. Ne2 Rfc8 19. Ned4 Nf8 20. f5 e5 21. f6
exd4 22. Nxd4 Ng6 23. fxe7 Qxe7 24. Nf5 Qe6 25. Bd4 Ne5 26. Qg3 Nxd3 27. Nxd6
Nc5 28. Nxc8 Nxe4 29. Qc7 Qxc8 30. Bb6 Qxc7 31. Bxc7 a5 32. Bxa5 Nf2 33. Rd8+
Rxd8 34. Bxd8 Be4+ 35. Ka1 Nd3 36. Be7 1-0

[Event "Florianopolis op"]
[Site "Florianopolis"]
[Date "2015.01.18"]
[Round "10"]
[White "Supi, Luis Paulo"]
[Black "Cruz, William Ferreira Da"]
[Result "1-0"]
[WhiteElo "2414"]
[BlackElo "2238"]
[PlyCount "65"]
[EventDate "2015.01.14"]
[EventType "swiss"]
[EventRounds "10"]
[EventCountry "BRA"]
[SourceTitle "CBM 164 Extra"]
[Source "ChessBase"]
[SourceDate "2015.03.02"]
[SourceVersion "1"]
[SourceVersionDate "2015.03.02"]
[SourceQuality "1"]

1. d4 Nf6 2. c4 g6 3. Nc3 Bg7 4. e4 d6 5. Be2 O-O 6. Bg5 c5 7. d5 e6 8. Qd2
exd5 9. exd5 Re8 10. Nf3 a6 11. O-O Nbd7 12. Rfe1 Ne5 13. Nxe5 Rxe5 14. Bf3
Rxe1+ 15. Rxe1 Qf8 16. Qf4 Nd7 17. Be7 Be5 18. Qh4 Qe8 19. Bxd6 Bxh2+ 20. Kf1
Qxe1+ 21. Kxe1 Bxd6 22. Ne4 Bf8 23. Qd8 Kg7 24. Qc7 h6 25. Nd6 Bxd6 26. Qxd6 b5
27. Be4 f5 28. Qe7+ Kg8 29. Bf3 bxc4 30. d6 Rb8 31. Bd5+ Kh8 32. Qe8+ Kg7 33.
Qf7+ 1-0

[Event "Paulista-chTB"]
[Site "Sao Paulo"]
[Date "2015.02.28"]
[Round "1.4"]
[White "Supi, Luis Paulo"]
[Black "D'Israel, Davy Maurice"]
[Result "1-0"]
[WhiteElo "2306"]
[BlackElo "2291"]
[PlyCount "111"]
[EventDate "2015.02.28"]
[EventType "team-tourn"]
[EventRounds "7"]
[EventCountry "BRA"]
[SourceTitle "EXT 2017"]
[Source "ChessBase"]
[SourceDate "2016.10.25"]
[SourceVersion "1"]
[SourceVersionDate "2016.10.25"]
[SourceQuality "1"]
[WhiteTeam "Rio Preto SMEL"]
[BlackTeam "Hebraica"]
[WhiteTeamCountry "BRA"]
[BlackTeamCountry "BRA"]

1. d4 d5 2. c4 c6 3. Nc3 Nf6 4. Nf3 dxc4 5. a4 Bf5 6. Nh4 Bc8 7. e3 e5 8. Bxc4
exd4 9. exd4 Be7 10. O-O O-O 11. Nf3 Bg4 12. Be3 Na6 13. h3 Bxf3 14. Qxf3 Nb4
15. Rad1 Nfd5 16. Ne4 Qc7 17. Ng3 g6 18. Bh6 Rfe8 19. Ne4 Rad8 20. g3 Qd7 21.
Kg2 Qf5 22. Qxf5 gxf5 23. Nc5 b6 24. Nb3 Bf6 25. Rfe1 Re6 26. g4 fxg4 27. hxg4
Ree8 28. Rxe8+ Rxe8 29. Bd2 Nc2 30. Bd3 Nxd4 31. Nxd4 Bxd4 32. Rh1 h6 33. Kf3
Bxb2 34. Bxh6 Bg7 35. Bg5 Re5 36. Bc1 Ne7 37. Bf4 Rd5 38. Bh7+ Kf8 39. Bb8 Rd7
40. Be4 c5 41. Ke3 Bd4+ 42. Ke2 Bc3 43. Rd1 Rxd1 44. Kxd1 a5 45. Bc7 Bd4 46.
Bxb6 Bxf2 47. Bxa5 c4 48. Kc2 Ke8 49. Bd2 Bd4 50. Bf3 Ng6 51. Bd5 Ne5 52. Bc3
Bxc3 53. Kxc3 Nxg4 54. a5 Ne3 55. Bc6+ Kd8 56. a6 1-0

[Event "Paulista-chTB"]
[Site "Sao Paulo"]
[Date "2015.02.28"]
[Round "2.4"]
[White "Supi, Luis Paulo"]
[Black "Valdes Escobar, Alvaro Daniel"]
[Result "0-1"]
[WhiteElo "2306"]
[BlackElo "2410"]
[PlyCount "121"]
[EventDate "2015.02.28"]
[EventType "team-tourn"]
[EventRounds "7"]
[EventCountry "BRA"]
[SourceTitle "EXT 2017"]
[Source "ChessBase"]
[SourceDate "2016.10.25"]
[SourceVersion "1"]
[SourceVersionDate "2016.10.25"]
[SourceQuality "1"]
[WhiteTeam "Rio Preto SMEL"]
[BlackTeam "Sao Jose CDR-FIP"]
[WhiteTeamCountry "BRA"]
[BlackTeamCountry "BRA"]

1. d4 Nf6 2. c4 e6 3. Nc3 Bb4 4. e3 O-O 5. Nge2 d5 6. a3 Bd6 7. Ng3 c6 8. Be2
Nbd7 9. O-O dxc4 10. Bxc4 Nb6 11. Bd3 e5 12. dxe5 Bxe5 13. Qc2 h6 14. f4 Bxc3
15. bxc3 Nbd7 16. Rd1 Re8 17. h3 Qc7 18. e4 Nc5 19. e5 Nxd3 20. Qxd3 Nd5 21. c4
Ne7 22. Bb2 Qb6+ 23. Bd4 c5 24. Be3 Qc6 25. f5 b6 26. Rf1 Bb7 27. Qe2 Rad8 28.
Ra2 Nc8 29. Bf4 Nd6 30. Qg4 Ne4 31. f6 g6 32. Nf5 h5 33. Ne7+ Rxe7 34. fxe7 Re8
35. Qf3 Qe6 36. Qd3 Rxe7 37. Re2 Nf6 38. Rfe1 Rd7 39. Qc3 Ne8 40. Rd2 Ng7 41.
Rd6 Qf5 42. Qd2 Re7 43. Rf1 Ne6 44. Qd3 Nxf4 45. Qxf5 Ne2+ 46. Kf2 gxf5 47.
Kxe2 Rxe5+ 48. Kd2 Kf8 49. g3 Ke7 50. Rh6 Be4 51. Rxh5 Re6 52. g4 Rd6+ 53. Ke3
Rd3+ 54. Kf4 Rd4 55. Kg5 fxg4 56. hxg4 Bg6 57. Rh8 Rxc4 58. Rb8 Kd6 59. Rd1+
Kc6 60. Rf1 Kb5 61. Rf4 0-1

[Event "Paulista-chTB"]
[Site "Sao Paulo"]
[Date "2015.03.01"]
[Round "3.4"]
[White "Zeituni, Carlos Alberto"]
[Black "Supi, Luis Paulo"]
[Result "0-1"]
[WhiteElo "2084"]
[BlackElo "2306"]
[PlyCount "44"]
[EventDate "2015.02.28"]
[EventType "team-tourn"]
[EventRounds "7"]
[EventCountry "BRA"]
[SourceTitle "EXT 2017"]
[Source "ChessBase"]
[SourceDate "2016.10.25"]
[SourceVersion "1"]
[SourceVersionDate "2016.10.25"]
[SourceQuality "1"]
[WhiteTeam "Pinheiros II"]
[BlackTeam "Rio Preto SMEL"]
[WhiteTeamCountry "BRA"]
[BlackTeamCountry "BRA"]

1. e4 c5 2. Nf3 e6 3. Nc3 a6 4. a4 Nc6 5. d4 cxd4 6. Nxd4 Qc7 7. Nxc6 bxc6 8.
Be2 d5 9. exd5 cxd5 10. Qd4 Bd6 11. Bd2 Rb8 12. f4 Nf6 13. Nd1 O-O 14. c3 Ne4
15. g3 e5 16. fxe5 Bxe5 17. Qe3 Bb7 18. Bf3 d4 19. cxd4 Nxd2 20. Bxb7 Qxb7 21.
Kxd2 Bxd4 22. Qe1 Rfd8 0-1

[Event "Paulista-chTB"]
[Site "Sao Paulo"]
[Date "2015.03.01"]
[Round "4.4"]
[White "Supi, Luis Paulo"]
[Black "Gazola, Vanessa Ramos"]
[Result "1-0"]
[WhiteElo "2306"]
[BlackElo "2099"]
[PlyCount "51"]
[EventDate "2015.02.28"]
[EventType "team-tourn"]
[EventRounds "7"]
[EventCountry "BRA"]
[SourceTitle "EXT 2017"]
[Source "ChessBase"]
[SourceDate "2016.10.25"]
[SourceVersion "1"]
[SourceVersionDate "2016.10.25"]
[SourceQuality "1"]
[WhiteTeam "Rio Preto SMEL"]
[BlackTeam "Circulo Militar"]
[WhiteTeamCountry "BRA"]
[BlackTeamCountry "BRA"]

1. d4 d5 2. c4 e6 3. Nc3 Be7 4. Nf3 Nf6 5. Bg5 h6 6. Bh4 O-O 7. e3 b6 8. Bd3
Bb7 9. Bxf6 Bxf6 10. cxd5 exd5 11. O-O c5 12. Rc1 Nd7 13. Re1 a6 14. Bb1 c4 15.
Nd2 b5 16. Qh5 Nb6 17. a3 Re8 18. Nf3 Rc8 19. h4 Qd6 20. g4 Rcd8 21. Ne2 Na4
22. Nf4 Nxb2 23. g5 g6 24. Nxg6 hxg5 25. Nxg5 fxg6 26. Qh7+ 1-0

[Event "Paulista-chTB"]
[Site "Sao Paulo"]
[Date "2015.03.07"]
[Round "5.4"]
[White "Mandetta, Joao Danilo"]
[Black "Supi, Luis Paulo"]
[Result "1/2-1/2"]
[WhiteElo "2221"]
[BlackElo "2306"]
[PlyCount "77"]
[EventDate "2015.02.28"]
[EventType "team-tourn"]
[EventRounds "7"]
[EventCountry "BRA"]
[SourceTitle "EXT 2017"]
[Source "ChessBase"]
[SourceDate "2016.10.25"]
[SourceVersion "1"]
[SourceVersionDate "2016.10.25"]
[SourceQuality "1"]
[WhiteTeam "Sao Jose CDR-A"]
[BlackTeam "Rio Preto SMEL"]
[WhiteTeamCountry "BRA"]
[BlackTeamCountry "BRA"]

1. Nf3 Nf6 2. c4 g6 3. b4 Bg7 4. Bb2 O-O 5. e3 a5 6. b5 d6 7. d4 e5 8. Be2 exd4
9. Bxd4 Nbd7 10. O-O Nc5 11. Nbd2 Qe7 12. Nb3 a4 13. Nc1 Bf5 14. Nd3 Bxd3 15.
Bxd3 Nfd7 16. Re1 Ne5 17. Bf1 Rfe8 18. Rc1 Ne6 19. Ba1 Nxf3+ 20. Qxf3 Bxa1 21.
Rxa1 Nc5 22. Qd1 Qf6 23. Rc1 Kg7 24. Qd4 Qxd4 25. exd4 Rxe1 26. Rxe1 Ne6 27. d5
Nc5 28. g3 Kf8 29. f3 f5 30. Kf2 Kf7 31. h4 h6 32. g4 Kf6 33. Kg3 Rg8 34. Re3
Rg7 35. Re8 Re7 36. Rxe7 Kxe7 37. Kf4 fxg4 38. fxg4 Kf6 39. g5+ 1/2-1/2

[Event "Paulista-chTB"]
[Site "Sao Paulo"]
[Date "2015.03.07"]
[Round "6.4"]
[White "Supi, Luis Paulo"]
[Black "De Sousa, Matheus Mazim"]
[Result "1/2-1/2"]
[WhiteElo "2306"]
[BlackElo "2151"]
[PlyCount "108"]
[EventDate "2015.02.28"]
[EventType "team-tourn"]
[EventRounds "7"]
[EventCountry "BRA"]
[SourceTitle "EXT 2017"]
[Source "ChessBase"]
[SourceDate "2016.10.25"]
[SourceVersion "1"]
[SourceVersionDate "2016.10.25"]
[SourceQuality "1"]
[WhiteTeam "Rio Preto SMEL"]
[BlackTeam "Sao Jose Em Cima da Hora"]
[WhiteTeamCountry "BRA"]
[BlackTeamCountry "BRA"]

1. Nf3 Nf6 2. c4 g6 3. b3 Bg7 4. Bb2 O-O 5. g3 d6 6. d4 c5 7. Bg2 Nc6 8. d5 Nb8
9. O-O e5 10. dxe6 fxe6 11. Nc3 a6 12. Qd2 Qc7 13. Rad1 Rd8 14. Ng5 Nc6 15.
Nce4 Ne8 16. f4 h6 17. Nf3 d5 18. cxd5 Rxd5 19. Qc1 Nd4 20. Nc3 Rd8 21. e3 Nf5
22. g4 Ne7 23. Rxd8 Qxd8 24. Ne4 Bxb2 25. Qxb2 Qc7 26. Nf6+ Nxf6 27. Qxf6 Nd5
28. Qxg6+ Qg7 29. Qe8+ Qf8 30. Qxf8+ Kxf8 31. Kf2 Bd7 32. Ne5 Bb5 33. Rc1 Rc8
34. a4 Be8 35. a5 Bb5 36. Rd1 Bc6 37. Nxc6 bxc6 38. Re1 Ke7 39. Bf1 Rb8 40. Bc4
Kd6 41. Rd1 Ke7 42. Kf3 Nc3 43. Rd3 Nb5 44. h4 Nd6 45. e4 Nxc4 46. bxc4 Rb4 47.
Rc3 Rb1 48. g5 h5 49. f5 Rf1+ 50. Kg2 Rf4 51. f6+ Kf7 52. Rf3 Rg4+ 53. Rg3
Rxg3+ 54. Kxg3 e5 1/2-1/2

[Event "Paulista-chTB"]
[Site "Sao Paulo"]
[Date "2015.03.08"]
[Round "7.4"]
[White "Van Riemsdijk, Herman Claudius"]
[Black "Supi, Luis Paulo"]
[Result "0-1"]
[WhiteElo "2383"]
[BlackElo "2306"]
[PlyCount "92"]
[EventDate "2015.02.28"]
[EventType "team-tourn"]
[EventRounds "7"]
[EventCountry "BRA"]
[SourceTitle "EXT 2017"]
[Source "ChessBase"]
[SourceDate "2016.10.25"]
[SourceVersion "1"]
[SourceVersionDate "2016.10.25"]
[SourceQuality "1"]
[WhiteTeam "Pinheiros"]
[BlackTeam "Rio Preto SMEL"]
[WhiteTeamCountry "BRA"]
[BlackTeamCountry "BRA"]

1. e4 c5 2. Nf3 Nc6 3. d4 cxd4 4. Nxd4 Nf6 5. Nc3 e5 6. Ndb5 d6 7. Bg5 a6 8.
Na3 b5 9. Nd5 Be7 10. Bxf6 Bxf6 11. c4 b4 12. Nc2 a5 13. Bd3 Bg5 14. O-O O-O
15. b3 Be6 16. a3 bxa3 17. Rxa3 g6 18. Qe2 Kh8 19. Rfa1 Rb8 20. Qe1 f5 21. exf5
gxf5 22. f3 Rb7 23. Bf1 f4 24. Rd1 Rg7 25. b4 Bh4 26. Qd2 Bg3 27. hxg3 fxg3 28.
Bd3 Qh4 29. Qe3 Qh2+ 30. Kf1 Bh3 31. Ne1 Bxg2+ 32. Nxg2 Rxf3+ 33. Qxf3 Qh1+ 34.
Ke2 Nd4+ 35. Ke3 Qh6+ 36. Qf4 exf4+ 37. Kxd4 f3 38. Be4 fxg2 39. Re3 Qh2 40.
Ree1 axb4 41. Ne3 g1=Q 42. Rxg1 Qb2+ 43. Kd3 Re7 44. Nd5 Ra7 45. Rd2 Ra3+ 46.
Ke2 Qe5 0-1

[Event "Pocos de Caldas op"]
[Site "Pocos de Caldas"]
[Date "2015.03.13"]
[Round "1"]
[White "Supi, Luis Paulo"]
[Black "Hengles, Roberto Carlos"]
[Result "1-0"]
[WhiteElo "2415"]
[BlackElo "1827"]
[PlyCount "29"]
[EventDate "2015.03.13"]
[EventType "swiss"]
[EventRounds "6"]
[EventCountry "BRA"]
[SourceTitle "CBM 165 Extra"]
[Source "ChessBase"]
[SourceDate "2015.04.21"]
[SourceVersion "1"]
[SourceVersionDate "2015.04.21"]
[SourceQuality "1"]

1. d4 Nf6 2. c4 c5 3. d5 e6 4. Nc3 exd5 5. cxd5 d6 6. e4 g6 7. f4 Bg7 8. Bb5+
Nfd7 9. Nf3 a6 10. Bd3 b5 11. O-O O-O 12. Kh1 Re8 13. f5 Ne5 14. Bg5 Nxf3 15.
Bxd8 1-0

[Event "Pocos de Caldas op"]
[Site "Pocos de Caldas"]
[Date "2015.03.13"]
[Round "2"]
[White "Goncalves, Jorge Roberto"]
[Black "Supi, Luis Paulo"]
[Result "0-1"]
[WhiteElo "2044"]
[BlackElo "2415"]
[PlyCount "128"]
[EventDate "2015.03.13"]
[EventType "swiss"]
[EventRounds "6"]
[EventCountry "BRA"]
[SourceTitle "CBM 165 Extra"]
[Source "ChessBase"]
[SourceDate "2015.04.21"]
[SourceVersion "1"]
[SourceVersionDate "2015.04.21"]
[SourceQuality "1"]

1. d4 Nf6 2. Bf4 e6 3. e3 b6 4. Nf3 Bb7 5. Be2 Be7 6. O-O Nh5 7. Bg3 O-O 8.
Nbd2 f5 9. c4 d6 10. Ne1 Nxg3 11. hxg3 e5 12. Nd3 Nd7 13. Rc1 c5 14. Nb1 cxd4
15. exd4 Bg5 16. f4 Bf6 17. dxe5 dxe5 18. c5 Nxc5 19. Nxc5 bxc5 20. Qb3+ Bd5
21. Bc4 Bxc4 22. Qxc4+ Kh8 23. Rcd1 Qb6 24. Nc3 e4 25. Nd5 Qxb2 26. Nxf6 Qxf6
27. Qxc5 Rfc8 28. Qa5 Qb6+ 29. Qxb6 axb6 30. Rf2 Rc3 31. Rfd2 h6 32. Rd8+ Rxd8
33. Rxd8+ Kh7 34. Kh2 Kg6 35. Rd6+ Kh5 36. Rxb6 g5 37. Rf6 Kg4 38. Rxh6 gxf4
39. Rh4+ Kg5 40. Rxf4 Rc2 41. Rf1 Rxa2 42. Rb1 Ra6 43. Rb8 Ra1 44. Re8 Re1 45.
Re6 Rf1 46. Re8 Re1 47. Re6 e3 48. Re8 Kf6 49. Rf8+ Ke5 50. Re8+ Kd4 51. Rd8+
Ke4 52. Re8+ Kd3 53. Rd8+ Ke2 54. Rd5 Rf1 55. Ra5 Ke1 56. Re5 e2 57. Rd5 Kf2
58. Rxf5+ Ke3 59. Re5+ Kd3 60. g4 e1=Q 61. Rxe1 Rxe1 62. Kg3 Ke4 63. Kh4 Rg1
64. g3 Rg2 0-1

[Event "Pocos de Caldas op"]
[Site "Pocos de Caldas"]
[Date "2015.03.14"]
[Round "3"]
[White "Supi, Luis Paulo"]
[Black "Goncalves, Ivan Mesquita V"]
[Result "1/2-1/2"]
[WhiteElo "2415"]
[BlackElo "2186"]
[PlyCount "63"]
[EventDate "2015.03.13"]
[EventType "swiss"]
[EventRounds "6"]
[EventCountry "BRA"]
[SourceTitle "CBM 165 Extra"]
[Source "ChessBase"]
[SourceDate "2015.04.21"]
[SourceVersion "1"]
[SourceVersionDate "2015.04.21"]
[SourceQuality "1"]

1. c4 Nf6 2. Nc3 g6 3. g3 Bg7 4. Bg2 O-O 5. e4 d6 6. Nge2 e5 7. O-O a6 8. d3 c6
9. a4 a5 10. h3 Na6 11. f4 Nb4 12. Be3 exf4 13. Nxf4 Re8 14. Qd2 b6 15. Rad1
Rb8 16. Qf2 Be6 17. Nxe6 fxe6 18. d4 Rf8 19. Qd2 Qc7 20. Rf2 e5 21. dxe5 dxe5
22. c5 bxc5 23. Bxc5 Rbd8 24. Qe2 Rxd1+ 25. Qxd1 Rd8 26. Rd2 Rxd2 27. Qxd2 Bf8
28. Be3 Qd7 29. Qf2 Be7 30. Bf1 Nd3 31. Qd2 Nc5 32. Qf2 1/2-1/2

[Event "Pocos de Caldas op"]
[Site "Pocos de Caldas"]
[Date "2015.03.14"]
[Round "4"]
[White "Rodi, Luis Ernesto"]
[Black "Supi, Luis Paulo"]
[Result "1/2-1/2"]
[WhiteElo "2351"]
[BlackElo "2415"]
[PlyCount "129"]
[EventDate "2015.03.13"]
[EventType "swiss"]
[EventRounds "6"]
[EventCountry "BRA"]
[SourceTitle "CBM 165 Extra"]
[Source "ChessBase"]
[SourceDate "2015.04.21"]
[SourceVersion "1"]
[SourceVersionDate "2015.04.21"]
[SourceQuality "1"]

1. d4 Nf6 2. c4 g6 3. f3 c5 4. d5 Bg7 5. e4 O-O 6. Ne2 d6 7. Nec3 e6 8. Bg5 h6
9. Be3 exd5 10. cxd5 a6 11. a4 Ne8 12. Qd2 f5 13. Bd3 Qf6 14. O-O f4 15. Bf2
Nd7 16. Na3 Ne5 17. Nc4 g5 18. Nxe5 Qxe5 19. Be2 Nf6 20. a5 g4 21. fxg4 Nxg4
22. Bxg4 Bxg4 23. Qd3 Qh5 24. Rfe1 Be5 25. Na4 Rf7 26. Nb6 Re8 27. Nc4 Rg7 28.
Nxe5 Rxe5 29. Ra3 Qg6 30. g3 Rge7 31. gxf4 Rxe4 32. Rxe4 Bf3+ 33. Bg3 Bxe4 34.
Qe2 Rg7 35. Re3 Bxd5 36. Re8+ Kh7 37. Re7 Qb1+ 38. Kf2 Rf7 39. Rxf7+ Bxf7 40.
Qd2 Qg6 41. Ke3 Qe6+ 42. Kf2 Bg6 43. Qe3 Qf6 44. Qc3 Qe6 45. Qe3 Be4 46. Ke1
Qf5 47. Qc3 Kg8 48. Kf2 Kf7 49. Qh8 Qd5 50. Ke1 Qe6 51. Kd2 Qh3 52. Qc3 Qg2+
53. Kc1 Qf1+ 54. Be1 Qxf4+ 55. Qd2 Qf6 56. Qe3 d5 57. Qf2 Bf3 58. Qxc5 d4 59.
Bg3 Be4 60. Qc7+ Kg8 61. Qb8+ Kh7 62. Qc7+ Kg6 63. Qd6 Qxd6 64. Bxd6 d3 65. Kd2
1/2-1/2

[Event "Pocos de Caldas op"]
[Site "Pocos de Caldas"]
[Date "2015.03.15"]
[Round "5"]
[White "Supi, Luis Paulo"]
[Black "Brandao, Renan Alves"]
[Result "1-0"]
[WhiteElo "2415"]
[BlackElo "2098"]
[PlyCount "79"]
[EventDate "2015.03.13"]
[EventType "swiss"]
[EventRounds "6"]
[EventCountry "BRA"]
[SourceTitle "CBM 165 Extra"]
[Source "ChessBase"]
[SourceDate "2015.04.21"]
[SourceVersion "1"]
[SourceVersionDate "2015.04.21"]
[SourceQuality "1"]

1. d4 d5 2. c4 c6 3. Nc3 Nf6 4. Nf3 a6 5. g3 g6 6. Bg2 Bg7 7. O-O O-O 8. Re1
Ne4 9. Bf4 Nxc3 10. bxc3 dxc4 11. Qd2 Nd7 12. Bh6 Qa5 13. Bxg7 Kxg7 14. e4 e5
15. Bf1 b5 16. Nxe5 Nxe5 17. dxe5 Rd8 18. Qe3 Qc7 19. Qg5 Be6 20. h4 Rd7 21.
Qf6+ Kg8 22. h5 Qd8 23. hxg6 hxg6 24. Qf4 Qe7 25. Be2 Kg7 26. Kg2 Rh8 27. Rh1
Rdd8 28. Qe3 Rxh1 29. Rxh1 Rh8 30. Rxh8 Kxh8 31. f4 Qd7 32. Kf2 Kg7 33. a3 a5
34. Qf3 Qd2 35. f5 gxf5 36. exf5 Bd5 37. Qg4+ Kh7 38. e6 fxe6 39. Qg6+ Kh8 40.
f6 1-0

[Event "American Continental 11th"]
[Site "Montevideo"]
[Date "2015.05.18"]
[Round "5"]
[White "Supi, Luis Paulo"]
[Black "Granda Zuniga, Julio E"]
[Result "0-1"]
[WhiteElo "2416"]
[BlackElo "2650"]
[PlyCount "84"]
[EventDate "2015.05.15"]
[EventType "swiss"]
[EventRounds "11"]
[EventCountry "URU"]
[SourceTitle "CBM 167"]
[Source "ChessBase"]
[SourceDate "2015.07.13"]
[SourceVersion "1"]
[SourceVersionDate "2015.07.13"]
[SourceQuality "1"]

1. d4 Nf6 2. c4 e6 3. Nc3 Bb4 4. e3 b6 5. Nge2 Bb7 6. a3 Be7 7. d5 d6 8. e4 e5
9. Ng3 h5 10. Nf5 Bf8 11. Bg5 g6 12. Qa4+ Nbd7 13. c5 bxc5 14. Bb5 Bc8 15. Bc6
gxf5 16. Bxa8 Be7 17. exf5 Kf8 18. h4 a6 19. Bc6 Nb8 20. O-O-O Bxf5 21. f3 Nfd7
22. Bxe7+ Qxe7 23. Bxd7 Qxd7 24. Qb3 Qc8 25. Ne4 Nd7 26. Qe3 Bg6 27. g4 Qd8 28.
Rdg1 hxg4 29. Rxg4 Nf6 30. Rxg6 fxg6 31. Ng5 Ke7 32. Qd3 Qg8 33. Rd1 Rxh4 34.
Qxa6 Qh8 35. Kc2 Rh2+ 36. Kb1 Qh5 37. Rg1 Rxb2+ 38. Kxb2 Qh2+ 39. Kb3 Qxg1 40.
Ne4 Qb1+ 41. Ka4 Nxe4 42. fxe4 Qxe4+ 0-1

[Event "Sao Paulo Hebraica 18th"]
[Site "Sao Paulo"]
[Date "2015.06.06"]
[Round "2"]
[White "Supi, Luis Paulo"]
[Black "Mendonca, Mateus Nakajo"]
[Result "1/2-1/2"]
[WhiteElo "2424"]
[BlackElo "2422"]
[PlyCount "50"]
[EventDate "2015.06.05"]
[EventType "tourn"]
[EventRounds "9"]
[EventCountry "BRA"]
[EventCategory "8"]
[SourceTitle "CBM 166 Extra"]
[Source "ChessBase"]
[SourceDate "2015.06.18"]
[SourceVersion "1"]
[SourceVersionDate "2015.06.18"]
[SourceQuality "1"]

1. d4 e6 2. e4 d5 3. Nc3 Bb4 4. e5 c5 5. a3 Bxc3+ 6. bxc3 Ne7 7. Qg4 O-O 8. Bd3
Nbc6 9. Qh5 Ng6 10. Nf3 Qc7 11. Be3 c4 12. Bxg6 fxg6 13. Qg4 Bd7 14. h4 Rf5 15.
h5 gxh5 16. Rxh5 Rxh5 17. Qxh5 Be8 18. Qh3 Nd8 19. Kd2 Bg6 20. Nh4 Qf7 21. g4
Nc6 22. Rf1 Rf8 23. Bg5 h6 24. Be3 Ne7 25. f3 Bh7 1/2-1/2

[Event "Sao Paulo Hebraica 18th"]
[Site "Sao Paulo"]
[Date "2015.06.06"]
[Round "3"]
[White "Mareco, Sandro"]
[Black "Supi, Luis Paulo"]
[Result "1/2-1/2"]
[WhiteElo "2606"]
[BlackElo "2424"]
[PlyCount "115"]
[EventDate "2015.06.05"]
[EventType "tourn"]
[EventRounds "9"]
[EventCountry "BRA"]
[EventCategory "8"]
[SourceTitle "CBM 166 Extra"]
[Source "ChessBase"]
[SourceDate "2015.06.18"]
[SourceVersion "1"]
[SourceVersionDate "2015.06.18"]
[SourceQuality "1"]

1. d4 Nf6 2. c4 g6 3. Nf3 Bg7 4. g3 O-O 5. Bg2 d6 6. O-O Nc6 7. Nc3 a6 8. Bf4
Rb8 9. Rc1 h6 10. h3 g5 11. Bd2 g4 12. hxg4 Nxg4 13. d5 Nce5 14. Nxe5 Nxe5 15.
b3 Bd7 16. Qc2 Qc8 17. Nd1 f5 18. f4 Ng4 19. Ne3 Bd4 20. Qd3 Bxe3+ 21. Bxe3 Qe8
22. Bf3 Qh5 23. Bxg4 Qxg4 24. Kf2 Kf7 25. Rh1 Qg6 26. Bd4 c5 27. Bc3 Ke8 28.
Rh4 Rf7 29. Rch1 Rh7 30. b4 cxb4 31. Bxb4 Kf7 32. c5 dxc5 33. Bxc5 Rc8 34. Qe3
Kf8 35. Rc1 b6 36. Bd4 Rxc1 37. Qxc1 Qd6 38. Qc4 Kf7 39. Be5 Qc5+ 40. Qxc5 bxc5
41. Rh1 Bb5 42. Rc1 c4 43. Rb1 c3 44. Bxc3 Bc4 45. a4 Bxd5 46. Rb6 h5 47. Rxa6
h4 48. gxh4 Rxh4 49. e3 Rh2+ 50. Kg3 Rg2+ 51. Kh3 Bc4 52. Rf6+ exf6 53. Kxg2
Ke6 54. a5 Kd5 55. Bxf6 Bd3 56. Kg3 Kc6 57. Bd4 Kb5 58. Bb6 1/2-1/2

[Event "Sao Paulo Hebraica 18th"]
[Site "Sao Paulo"]
[Date "2015.06.07"]
[Round "4"]
[White "Supi, Luis Paulo"]
[Black "Rodi, Luis Ernesto"]
[Result "1/2-1/2"]
[WhiteElo "2424"]
[BlackElo "2364"]
[PlyCount "182"]
[EventDate "2015.06.05"]
[EventType "tourn"]
[EventRounds "9"]
[EventCountry "BRA"]
[EventCategory "8"]
[SourceTitle "CBM 166 Extra"]
[Source "ChessBase"]
[SourceDate "2015.06.18"]
[SourceVersion "1"]
[SourceVersionDate "2015.06.18"]
[SourceQuality "1"]

1. d4 e6 2. c4 Nf6 3. Nf3 d5 4. Nc3 Bb4 5. cxd5 exd5 6. Bg5 h6 7. Bh4 g5 8. Bg3
Ne4 9. Nd2 Nxg3 10. hxg3 c6 11. Qc2 Qf6 12. e3 Bf5 13. Qb3 Qe7 14. a3 Bd6 15.
Be2 Qc7 16. e4 dxe4 17. Ndxe4 Be7 18. d5 Bxe4 19. Nxe4 cxd5 20. Nc3 Nc6 21.
Nxd5 Qa5+ 22. Nc3 O-O-O 23. O-O Nd4 24. Qxf7 Nxe2+ 25. Nxe2 Qe5 26. Nc3 Rhf8
27. Qc4+ Kb8 28. Rae1 Qc5 29. Qxc5 Bxc5 30. Ne4 Bd4 31. Re2 Rde8 32. b3 Re5 33.
Rd1 Bb6 34. Rdd2 a6 35. Nd6 Rxe2 36. Rxe2 Bc5 37. Nc4 Rf7 38. b4 Bd4 39. Rd2
Ba7 40. Kf1 Kc7 41. Rc2 Rh7 42. Ke2 Kc6 43. a4 Kd5 44. Ne3+ Bxe3 45. Kxe3 Re7+
46. Kd3 Re1 47. Rc7 b6 48. Rd7+ Kc6 49. Rh7 Re6 50. Ra7 Rd6+ 51. Ke4 Rd2 52.
Ke3 Ra2 53. b5+ Kc5 54. Rxa6 Ra3+ 55. Ke4 Ra2 56. Ke3 Ra3+ 57. Ke4 Ra2 58. f3
Rxg2 59. g4 Rg3 60. Ra8 Rh3 61. Rc8+ Kb4 62. Rb8 Ka5 63. Ra8+ Kb4 64. Ra7 h5
65. gxh5 Rxh5 66. Kf5 Rh3 67. Kg4 Rh8 68. Kxg5 Rg8+ 69. Kf4 Rf8+ 70. Ke3 Re8+
71. Kd2 Rf8 72. Ke2 Re8+ 73. Kf1 Rg8 74. Kf2 Rf8 75. Rb7 Ka5 76. Ke3 Re8+ 77.
Kd4 Rf8 78. Ke4 Re8+ 79. Kd5 Rf8 80. Kc6 Rf6+ 81. Kc7 Rf7+ 82. Kc6 Rf6+ 83. Kc7
Rf7+ 84. Kb8 Rxf3 85. Ra7+ Kb4 86. Kb7 Rf6 87. Ra8 Rh6 88. Rc8 Ka5 89. Ra8+ Kb4
90. Rc8 Ka5 91. Ra8+ Kb4 1/2-1/2

[Event "Sao Paulo Hebraica 18th"]
[Site "Sao Paulo"]
[Date "2015.06.08"]
[Round "5"]
[White "Carneiro, Vitor Roberto Castr"]
[Black "Supi, Luis Paulo"]
[Result "0-1"]
[WhiteElo "2366"]
[BlackElo "2424"]
[PlyCount "84"]
[EventDate "2015.06.05"]
[EventType "tourn"]
[EventRounds "9"]
[EventCountry "BRA"]
[EventCategory "8"]
[SourceTitle "CBM 166 Extra"]
[Source "ChessBase"]
[SourceDate "2015.06.18"]
[SourceVersion "1"]
[SourceVersionDate "2015.06.18"]
[SourceQuality "1"]

1. c4 g6 2. g3 Bg7 3. Bg2 Nf6 4. Nc3 O-O 5. e4 c5 6. Nge2 Nc6 7. O-O d6 8. d3
Bd7 9. h3 Ne8 10. Be3 Nd4 11. Rb1 a5 12. a4 Nc7 13. Kh2 Rb8 14. f4 f5 15. Bg1
Kh8 16. b3 b6 17. Qd2 e6 18. Be3 Bc6 19. Nb5 e5 20. Nxc7 Qxc7 21. Nc3 Rf7 22.
exf5 gxf5 23. Bd5 Rff8 24. Bxc6 Qxc6 25. Nd5 Rbe8 26. Bxd4 cxd4 27. Rbe1 Bh6
28. Qd1 Bg7 29. Qh5 e4 30. dxe4 Rxe4 31. Rxe4 fxe4 32. f5 Qe8 33. Qh4 Be5 34.
Nc7 Qd8 35. Qxd8 Rxd8 36. f6 e3 37. Kg2 e2 38. Rg1 d3 39. Kf3 Bxf6 40. Nd5 Bd4
41. Rb1 Re8 42. Re1 d2 0-1